MAASAI MARA UNIVERSITY

LIBRARY CATALOGUE

Contact Us: +254 020 2685356/7 or 0774 057787

Box: 861-20500, NAROK, KENYA

Email: info@mmarau.ac.ke

An undefended city / (Record no. 17562)

MARC details
000 -LEADER
fixed length control field 00543nam a22001937a 4500
003 - CONTROL NUMBER IDENTIFIER
control field OSt
005 - DATE AND TIME OF LATEST TRANSACTION
control field 20230324041716.0
008 - FIXED-LENGTH DATA ELEMENTS--GENERAL INFORMATION
fixed length control field 160616b xxu||||| |||| 00| 0 eng d
010 ## - LIBRARY OF CONGRESS CONTROL NUMBER
LC control number 82217905
020 ## - INTERNATIONAL STANDARD BOOK NUMBER
International Standard Book Number 0263095975 :
Terms of availability £3.25
040 ## - CATALOGING SOURCE
Original cataloging agency MMU
Transcribing agency MMU
Modifying agency MMU
Language of cataloging eng
050 00 - LIBRARY OF CONGRESS CALL NUMBER
Classification number PS3643 .W47 1979
100 1# - MAIN ENTRY--PERSONAL NAME
Personal name Weston, Sophie.
245 13 - TITLE STATEMENT
Title An undefended city /
Statement of responsibility, etc. by Sophie Weston.
260 ## - PUBLICATION, DISTRIBUTION, ETC. (IMPRINT)
Place of publication, distribution, etc. London :
Name of publisher, distributor, etc. Mills & Boon,
Date of publication, distribution, etc. 1979.
300 ## - PHYSICAL DESCRIPTION
Extent 189 p. :
Dimensions 19 cm.
906 ## - LOCAL DATA ELEMENT F, LDF (RLIN)
a 7
b cbc
c orignew
d 5
e ncip
f 19
g y-gencatlg
942 ## - ADDED ENTRY ELEMENTS (KOHA)
Source of classification or shelving scheme Library of Congress Classification
Koha item type L
Holdings
Withdrawn status Lost status Source of classification or shelving scheme Damaged status Not for loan Home library Current library Date acquired Source of acquisition Total Checkouts Full call number Barcode Date last seen Date last checked out Price effective from Koha item type
    Library of Congress Classification     Maasai Mara University Library -Main Campus Maasai Mara University Library -Main Campus 06/16/2016 Donation 1 Fic. PS3643 .W47 1979 201516013 10/01/2019 09/18/2019 06/16/2016 L
© 2016 Maasai Mara University.